000 00455nam a2200157 4500
001 131471
003 ES-MaACL
005 20230906194004.0
007 t|
008 070214s1965 sp r ||||1| spa d
100 1 _aRodríguez Devesa, Darío.
_998492
245 1 0 _aTecnología de los aerosoles /
_cDarío Rodríguez Devesa.
260 _aMadrid :
_bCastilla,
_c1965.
300 _aXII, 392 p. :
_bil. ;
_c25 cm.
852 _aES-MaACL
_jC-27771
_bR.57087
999 _c131471
_d131471